| 000 | 01422cam a22004214i 4500 | ||
|---|---|---|---|
| 003 | PE-LiUPU | ||
| 005 | 20250731173129.0 | ||
| 008 | 150623s1987 miu r 000 0 eng d | ||
| 035 | _a(Sirsi) a26246 | ||
| 040 |
_aPE-LiUPU _bspa _cPE-LiUPU _erda |
||
| 082 | 0 | 4 |
_a220.52 _bW35 _221 |
| 100 | 1 |
_aWebster, Noah, _eautor. |
|
| 130 |
_aBiblia. _lInglés. _f1987. _sWebster Bible. |
||
| 245 | 1 | 1 |
_a\ _aThe webster Bible. |
| 264 | 1 |
_aGrand Rapids, Michigan : _bBaker Book House, _c1987. |
|
| 300 |
_a907 páginas ; _c26 centímetros |
||
| 336 |
_atext _2rdacontent |
||
| 337 |
_aunmediated _2rdamedia |
||
| 338 |
_avolume _2rdacarrier |
||
| 505 | 0 | _aThe books of the Old Testament -- The books of the New Testament. | |
| 526 | _aSEG42 | ||
| 526 | _aSEG41 | ||
| 526 | _aSEG40 | ||
| 526 | _aSEG39 | ||
| 526 | _aP94 | ||
| 526 | _aP87 | ||
| 526 | _aP86 | ||
| 526 | _aP85 | ||
| 526 | _aP77 | ||
| 526 | _aP76 | ||
| 526 | _aP35 | ||
| 630 |
_aBiblia. _lInglés. _f1987. _sWebster Bible. |
||
| 942 |
_2ddc _cBOOK |
||
| 949 |
_a220.52 W35 _wDEWEY _c1 _i51532 _lCCODEBUL1 _mBUL _p25.00 _r0 _sY _tBOOK _u2015-06-24 _xTEOLOGIA _PP35 _0COMPRA _o.STAFF. Colección Teología |
||
| 596 | _a1 | ||
| 999 |
_a220.52 W35 _wDEWEY _c33256 _i51532 _d33256 _f2021-11-9 _g5 _lCCODEBUL1 _mBUL _p25.00 _q1 _r0 _sY _tBOOK _u2015-6-24 _xTEOLOGIA _PP35 _0COMPRA _o.STAFF. Colección Teología |
||
| 980 |
_81 _gALBERTO SANCHEZ Responsable de Automatización |
||